HEALTH CARE LAW (Record no. 162996)
[ view plain ]
| 000 -LEADER | |
|---|---|
| fixed length control field | 00543nam a2200193Ia 4500 |
| 003 - CONTROL NUMBER IDENTIFIER | |
| control field | OSt |
| 005 - DATE AND TIME OF LATEST TRANSACTION | |
| control field | 20260429104547.0 |
| 020 ## - INTERNATIONAL STANDARD BOOK NUMBER | |
| International Standard Book Number | 978-0-19-876574-5 |
| 040 ## - CATALOGING SOURCE | |
| Transcribing agency | LC |
| 050 ## - LIBRARY OF CONGRESS CALL NUMBER | |
| Classification number | KD 3395 .M 66 2003 |
| 100 ## - MAIN ENTRY--PERSONAL NAME | |
| Personal name | MONTGOMERY, JONATHAN |
| 245 #0 - TITLE STATEMENT | |
| Title | HEALTH CARE LAW |
| 250 ## - EDITION STATEMENT | |
| Edition statement | 2 |
| 260 ## - PUBLICATION, DISTRIBUTION, ETC. | |
| Place of publication, distribution, etc. | NEW YORK, |
| Name of publisher, distributor, etc. | OXFORD UNIVERSITY PRESS, |
| Date of publication, distribution, etc. | 2003, |
| 300 ## - PHYSICAL DESCRIPTION | |
| Extent | XIViii, 515 P, ILL |
| 500 ## - GENERAL NOTE | |
| General note | INCLUDES INDEX |
| 650 ## - SUBJECT ADDED ENTRY--TOPICAL TERM | |
| Topical term or geographic name entry element | 1. Medical laws and legislation - Great Britain 2. Medical care-Law and legislation-Great Britain |
| 942 ## - ADDED ENTRY ELEMENTS (KOHA) | |
| Koha item type | Long Loan Book |
| Source of classification or shelving scheme | Library of Congress Classification |
| Withdrawn status | Lost status | Source of classification or shelving scheme | Damaged status | Not for loan | Collection | Home library | Current library | Shelving location | Date acquired | Inventory number | Total checkouts | Full call number | Barcode | Date last seen | Copy number | Price effective from | Koha item type |
|---|---|---|---|---|---|---|---|---|---|---|---|---|---|---|---|---|---|
| Library of Congress Classification | Law | Kisii University Library | Kisii University Library | On Display | 09/15/2023 | 00030679 | KD 3395 .M 66 2003 | 023417 | 09/15/2023 | 1 | 09/15/2023 | Long Loan Book | |||||
| Library of Congress Classification | Law | Kisii University Library | Kisii University Library | On Display | 04/29/2026 | 00030680 | KD 3395 .M 66 2003 | 023416 | 04/29/2026 | 2 | 04/29/2026 | Long Loan Book | |||||
| Library of Congress Classification | Law | Kisii University Library | Kisii University Library | On Display | 04/29/2026 | 00030681 | KD 3395 .M 66 2003 | 023415 | 04/29/2026 | 3 | 04/29/2026 | Long Loan Book | |||||
| Library of Congress Classification | Law | Kisii University Library | Kisii University Library | On Display | 04/29/2026 | 00030682 | KD 3395 .M 66 2003 | 023414 | 04/29/2026 | 4 | 04/29/2026 | Long Loan Book | |||||
| Library of Congress Classification | Law | Kisii University Library | Kisii University Library | On Display | 04/29/2026 | 00030683 | KD 3395 .M 66 2003 | 023413 | 04/29/2026 | 5 | 04/29/2026 | Long Loan Book | |||||
| Library of Congress Classification | Law | Kisii University Library | Kisii University Library | On Display | 04/29/2026 | 095476 | KD 3395 .M 66 2003 | 042596 | 04/29/2026 | 6 | 04/29/2026 | Long Loan Book | |||||
| Library of Congress Classification | Law | Kisii University Library | Kisii University Library | On Display | 04/29/2026 | 095477 | KD 3395 .M 66 2003 | 042597 | 04/29/2026 | 7 | 04/29/2026 | Long Loan Book | |||||
| Library of Congress Classification | Law | Kisii University Library | Kisii University Library | On Display | 04/29/2026 | 095480 | KD 3395 .M 66 2003 | 042600 | 04/29/2026 | 8 | 04/29/2026 | Long Loan Book | |||||
| Library of Congress Classification | Law | Kisii University Library | Kisii University Library | On Display | 04/29/2026 | 095478 | KD 3395 .M 66 2003 | 042598 | 04/29/2026 | 9 | 04/29/2026 | Long Loan Book | |||||
| Library of Congress Classification | Law | Kisii University Library | Kisii University Library | On Display | 04/29/2026 | 095479 | KD 3395 .M 66 2003 | 042599 | 04/29/2026 | 10 | 04/29/2026 | Long Loan Book |